01158nac a22002891i 4500003000900000005001700009008004100026020002500067020001500092040004300107043001200150082002000162100004600182245007800228264006000306300009100366336002600457337002800483338002700511504005100538651003900589651004400628655001700672942001200689999001500701952015200716EG-ScBUE20240312110110.0240312s2005 ua abc f b 001 0 eng d a9780714119663 (pbk.) a9774249569 aEG-ScBUEbengerdacEG-ScBUEdEG-ScBUE af-ua---04a932.01bJAM2221 aJames, T. G. H.,q(Thomaet Henr)eauthor.10aAncient Egypt :bthe British Museum concise introduction /cT.G.H. James. 1aCairo :bThe American University in Cairo Press,c2005. a208 pages :billustrations (chiefly color), color maps, portaits (some color) ;c25 cm 2rdacontentatextbtxt aunmediated2rdamediabn avolumebnc2rdacarrier aIncludes bibliographical references and index. 1aEgyptxHistoryyTo 332 B.C.2BUEsh 1aEgyptxCivilizationyTo 332 B.C.2BUEsh vReading book cBB2ddc c9028d9028 00102ddc40708BaccahaMAINbMAINc2NDd2008-04-20ePurchasel3m4o932.01 JAMp000010924r2025-07-15 00:00:00s2023-11-16v50.00w2008-04-06yBB